000 00287nam a22001337a 4500
008 171006b xxu||||| |||| 00| 0 eng d
020 _a9780073545820
041 _aeng
080 _236TH
_a159.9
100 _a49
101 _aPSI
245 _aPSYCHOLOGY
_cDUFFY,K.G
942 _2udc
_cBK
999 _c32300
_d32300